حشرات الفاكهة و الأشجار الحرجية و نباتات الزينة العملية / (رقم التسجيلة. 52480)

تفاصيل مارك
000 -LEADER
fixed length control field 00570nam a22001817a 4500
005 - DATE AND TIME OF LATEST TRANSACTION
control field 20251108170931.0
008 - FIXED-LENGTH DATA ELEMENTS--GENERAL INFORMATION
fixed length control field 250721s1994 xx 000 0 ara d
082 14 - DEWEY DECIMAL CLASSIFICATION NUMBER
Classification number 632.7/توف
100 1# - MAIN ENTRY--PERSONAL NAME
Personal name مصطفى، توفيق
245 10 - TITLE STATEMENT
Title حشرات الفاكهة و الأشجار الحرجية و نباتات الزينة العملية /
264 1# - PRODUCTION, PUBLICATION, DISTRIBUTION, MANUFACTURE, AND COPYRIGHT NOTICE
Place of production, publication, distribution, manufacture عمان :
Name of producer, publisher, distributor, manufacturer دار حنين،
Date of production, publication, distribution, manufacture, or copyright notice 1994.
300 ## - PHYSICAL DESCRIPTION
Extent 460ص
650 17 - SUBJECT ADDED ENTRY--TOPICAL TERM
Topical term or geographic name as entry element أمراض النبات
650 17 - SUBJECT ADDED ENTRY--TOPICAL TERM
Topical term or geographic name as entry element الآفات الزراعية
700 1# - ADDED ENTRY--PERSONAL NAME
Personal name شرف، نعيم
942 ## - ADDED ENTRY ELEMENTS (KOHA)
Source of classification or shelving scheme Dewey Decimal Classification
Koha item type كتب
المقتنيات
حالة السحب حالة الفقدان مصدر التصنيف حالة التلف غير قابل للإعارة المكتبة الرئيسية المكتبة الحالية موقع الرف تاريخ التزويد Total Checkouts رقم الإستدعاء الباركود تاريخ آخر ظهور تاريخ الفاتورة نوع المادة (كوها) الرقم المتسلسل
    Dewey Decimal Classification     مكتبة النصر العامة مكتبة النصر العامة الإعارة 09/09/2008   632.7/توف PLD00039804 28/07/2025 09/09/2008 كتب  
    Dewey Decimal Classification     مكتبة حمزة العامة مكتبة حمزة العامة الإعارة 20/05/2015   632.7/توف PLD00325337 28/07/2025 20/05/2015 كتب [6020].
    Dewey Decimal Classification     مكتبة صويلح العامة مكتبة صويلح العامة الإعارة 18/06/2019   632.7/توف PLD00454497 28/07/2025 18/06/2019 كتب 013468
    Dewey Decimal Classification     مكتبة وادي السير العامة مكتبة وادي السير العامة الإعارة 18/04/2016   632.7/توف PLD00386907 28/07/2025 18/04/2016 كتب [7279].
Implemented & Customized by: BBB with SCIT (Smart Chains for Information Technology)

Powered by Koha